000 00712nam a22002297a 4500
999 _c10996
_d10996
003 AR-CdUCM
008 190402b ||||| |||| 00| 0 spa d
040 _aMUNICIPALIDAD PROVINCIAL DEL CUSCO
_cBIBLIOTECA MUNICIPAL DEL CUSCO
082 _aC / 869.56 /
_bP32C
100 _aPayne, Johnny
_928101
245 _aCuentos Cusqueños /
260 _aCusco :
_bBartolome de las Casas,
_c1984.
300 _aXLVIII, 121 páginas ;
_c23 cm.
500 _aTexto en Quechua.
505 _aContenido: Cuentos.
650 _aLiteratura Peruana
_9132
650 _aSiglo XX
_98
650 _aCuentos Cusqueños
_911602
710 _aCentro de Estudios Rurales Andinos.
_928102
942 _2ddc
_cLIBROS
945 _aachl